|
|
|
|
| LEADER |
01094nam a2200277 a 4500 |
| 001 |
GR-Antirio1142 |
| 008 |
150304s20012004w g 000 0 eng d |
| 020 |
|
|
|a 3540407006
|
| 040 |
|
|
|a GrPaTEI
|b gre
|c GR-PaULI
|
| 040 |
|
|
|a GrPaTEI
|b gre
|c GR-PaULI
|
| 044 |
|
|
|a gw
|
| 082 |
|
0 |
|a 006.3
|2 22
|
| 100 |
1 |
|
|a D'Inverno, Mark
|
| 245 |
1 |
0 |
|a Understanding agent systems /
|c Mark d' Inverno, Michael Luck.
|
| 250 |
|
|
|a 2nd ed.
|
| 260 |
|
|
|a Berlin :
|b Springer,
|c 2004
|
| 300 |
|
|
|a xviii, 240 σ. :
|b εικ.
|
| 490 |
0 |
|
|a Spriger series on agent technology
|
| 504 |
|
|
|a Includes bibliograrhical references and index
|
| 650 |
|
0 |
|a Intelligent agents (Computer software)
|
| 650 |
|
4 |
|a Ευφυείς πράκτορες (Λογισμικό υπολογιστών)
|
| 700 |
1 |
|
|a Luck, Michael
|
| 942 |
|
|
|2 ddc
|
| 952 |
|
|
|0 0
|1 0
|2 ddc
|4 0
|6 006_300000000000000_DIN
|7 0
|9 263037
|a LISK-2
|b LISK-2
|c BSC
|d 2021-01-17
|e 24
|f 0
|g 0.00
|l 0
|o 006.3 D'IN
|p 2430000007520
|r 2021-01-17 00:00:00
|t 1
|w 2021-01-17
|y BK15
|x 20150304 0 ΧΑΣΑΝΗ 1
|x GrPaTEI - Antirrio
|
| 971 |
|
|
|a .b25709410
|b 15-04-20
|c 12-09-16
|
| 999 |
|
|
|c 151468
|d 151468
|